01324cam a22002894a 450000100090000000300040000900500170001300800410003001000170007102000400008804000180012804200080014604300120015405000140016608200200018010000220020024501140022226000610033630000330039744000420043050400510047250503480052365000370087165000500090865000540095870000220101212915550OSt20220210103433.0020904s2003 dcua b 001 0 eng  a 2002014315 a0878408967 (hardcover : alk. paper) aDLCcDLCdDLC apcc an-us---00aJ5356.A3700a352.14/09732211 aAgranoff, Robert.10aCollaborative public management: new strategies for local governments /cRobert Agranoff and Michael McGuire. aWashington, D.C. :bGeorgetown University Press,cc2003. aix, 219 p. :bill. ;c24 cm. 0aAmerican governance and public policy aIncludes bibliographical references and index.0 aContents : Collaboration at the core -- Managing in an age of collaboration -- Models of collaborative management -- Collaborative activity and strategy -- Linkages in collaborative management -- Policy design and collaborative management -- Jurisdiction-based management -- The future of public management and the challenge of collaboration  0aLocal governmentzUnited States. 0aIntergovernmental cooperationzUnited States. 0aPublic-private sector cooperationzUnited States.1 aMcGuire, Michael,